| Tag |
First Indicator |
Second Indicator |
Subfields |
| LEADER |
00000cam a22000001 4500 |
| 001 |
in00000066896 |
| 005 |
20151214141004.0 |
| 008 |
731212r19671930nyu b 00010 eng |
| 010 |
|
|
|a 66022625
|
| 035 |
|
|
|a (OCoLC)00233569
|
| 035 |
|
|
|9 AAG3406AM
|
| 040 |
|
|
|a DLC
|c DLC
|d TXA
|d UtOrBLW
|
| 043 |
|
|
|a e-uk---
|
| 049 |
|
|
|a TXAM
|c [468530]
|
| 050 |
0 |
0 |
|a HD8396
|b .H3 1967
|
| 082 |
0 |
|
|a 309.142
|
| 092 |
|
|
|a 309.142
|b H226a
|
| 100 |
1 |
|
|a Hammond, J. L.
|q (John Lawrence),
|d 1872-1949.
|
| 245 |
1 |
4 |
|a The age of the Chartists, 1832-1854 ;
|b a study of discontent /
|c by J. L. Hammond and Barbara Hammond.
|
| 264 |
|
1 |
|a New York :
|b A. M. Kelley,
|c 1967.
|
| 300 |
|
|
|a ix, 386 pages ;
|c 22 cm.
|
| 336 |
|
|
|a text
|b txt
|2 rdacontent
|
| 337 |
|
|
|a unmediated
|b n
|2 rdamedia
|
| 338 |
|
|
|a volume
|b nc
|2 rdacarrier
|
| 490 |
0 |
|
|a Reprints of economic classics
|
| 500 |
|
|
|a Reprint of the 1930 edition.
|
| 504 |
|
|
|a Bibliographical footnotes.
|
| 650 |
|
0 |
|a Working class
|z Great Britain
|x History.
|
| 650 |
|
0 |
|a Chartism.
|
| 651 |
|
0 |
|a Great Britain
|x Social conditions.
|
| 650 |
|
0 |
|a Labor movement
|z Great Britain
|x History.
|
| 650 |
|
0 |
|a Labor
|z Great Britain
|x History.
|
| 700 |
1 |
|
|a Hammond, Barbara Bradby,
|d 1873-1961.
|
| 999 |
|
|
|a MARS
|
| 999 |
f |
f |
|s 7e7e730c-56cd-33ee-b4be-ab21e21019fa
|i a21d3400-7627-3e4e-8c64-3325fa6ce711
|t 0
|
| 952 |
f |
f |
|p ric
|a Texas A&M University
|b Rellis Campus
|c Joint Library Facility
|d Remote Storage
|t 0
|e HD8396 .H3 1967
|h Library of Congress classification
|i unmediated -- volume
|m A14800648588
|
| 998 |
f |
f |
|a HD8396 .H3 1967
|t 0
|l Remote Storage
|